000 00377 a2200169 4500
001 182664
020 _a85-08-04321-X
040 _cMagnum
100 _aAlencar, José de
240 1 0 _aCinco minutos / A viuvinha *R*
_lpor
245 1 0 _aCinco minutos / A viuvinha *R*
300 _a96
362 0 _a1999
440 1 _aÁtica
697 _aLITERATURA GERAL
942 _cBK
999 _c182664
_d182664